| 000 | 00516nam a22001937a 4500 | ||
|---|---|---|---|
| 003 | OSt | ||
| 005 | 20140310182219.0 | ||
| 008 | 130909t xxu||||| |||| 00| 0 eng d | ||
| 020 | _a8032601373 | ||
| 050 |
_aDU 740 _b.M435 1994 |
||
| 082 |
_aHS 995 _bM43 1994 |
||
| 100 |
_aMattes, Kristina _917232 |
||
| 245 |
_aPapua new guinea / _cKristina Mattes. |
||
| 260 |
_aNew guinea : _bTASR Bratislaua, _c1994. |
||
| 300 |
_bill. col. ; _c29 cm. |
||
| 650 |
_aNew guinea _917233 |
||
| 942 |
_2lcc _cHS |
||
| 999 |
_c10677 _d10677 |
||